000 01415nam a2200397 i 4500
001 76979
003 0
005 20241217151336.0
006 m o u
007 cr cn|||||||||
008 241121s2024 sp ob 000 0 spa d
020 _a9788410670280
_q(e-book)
035 _a(OCoLC)1472950903
040 _aFINmELB
_bspa
_erda
_cFINmELB
050 1 4 _aRA784
_bH565 2024
080 _a615.874
082 0 4 _a613.2
_223
100 1 _aHerrero, Miguel,
_eautor.
245 1 4 _aLos bulos de la nutrición /
_cMiguel Herrero.
264 1 _aMadrid :
_bLos libros de la Catarata,
_c2024.
300 _a1 recurso en línea (148 páginas)
336 _atexto
_btxt
_2rdacontent/spa
337 _acomputadora
_bc
_2rdamedia/spa
338 _arecurso en línea
_bcr
_2rdacarrier/spa
490 1 _aColección ¿Qué sabemos de?
504 _aContiene bibliografía.
588 _aDescripción basada en metadatos suministrados por el editor y otras fuentes.
590 _aRecurso electrónico. Santa Fe, Arg.: elibro, 2024. Disponible vía World Wide Web. El acceso puede estar limitado para las bibliotecas afiliadas a elibro.
650 4 _aNutrición.
650 4 _aHábitos alimenticios.
655 4 _aLibros electrónicos.
797 2 _aelibro, Corp.
830 0 _aColección ¿Qué sabemos de?.
856 4 0 _uhttps://elibro.net/ereader/politecnicointernacional/275118
942 _cLIBROS
999 _c76979
_d76979